00000000nam 2200000zi 4500
0019.932865
003CaOODSP
00520250722151820
006m     o  d f      
007cr cn|||||||||
008240124t20242023oncd    ob   f000 0 fre d
020 |a9780660697550
040 |aCaOODSP|bfre|erda|cCaOODSP
043 |an-cn---
0861 |aT94-59/2024F-PDF
24500|aÉtude nationale sur les refuges : |butilisation des refuges d'urgence au Canada de 2005 à 2021.
24610|autilisation des refuges d'urgence au Canada de 2005 à 2021
264 1|aOttawa (Ontario) : |b[Logement, infrastructures et collectivités Canada = Housing, Infrastructure and Communities Canada], |c[2024]
264 4|c©2023
300 |a1 ressource en ligne (36 pages non numérotées) : |bgraphiques
336 |atexte|btxt|2rdacontent/fre
337 |ainformatique|bc|2rdamedia/fre
338 |aressource en ligne|bcr|2rdacarrier/fre
500 |aTitre de la couverture.
500 |aPublié aussi en anglais sous le titre : The national shelter study : emergency shelter use in Canada 2005 to 2021.
504 |aComprend des références bibliographiques.
520 |a« L’Étude nationale sur les refuges est une analyse continue de l’utilisation des refuges d’urgence au Canada. Il s’agit de la sixième édition de l’Étude nationale sur les refuges. Elle prolonge la période d’analyse de 2005 à 2021 et décrit les tendances de l’utilisation des refuges, de la capacité des refuges et des utilisateurs de refuges. Une attention particulière est accordée à 2020 et à 2021 ainsi qu’aux changements liés à la pandémie de COVID-19. L’Étude nationale sur les refuges est l’étude nationale la plus complète sur l’itinérance au Canada et elle est importante pour comprendre les tendances au fil du temps. Bien que le recours aux refuges d’urgence soit un indicateur important de l’itinérance, il convient de noter que le présent rapport ne tient pas compte des situations d’itinérance qui surviennent à l’extérieur du réseau des refuges d’urgence » -- Sommaire, page [3].
650 6|aSans-abri|xLogement|zCanada|vStatistiques.
650 6|aSans-abri|zCanada|vStatistiques.
655 7|aStatistiques|2rvmgf
7101 |aCanada. |bInfrastructure Canada, |eorganisme de publication.
7101 |aCanada. |bLogement, infrastructures et collectivités Canada, |eorganisme de publication.
77508|tThe national shelter study : |w(CaOODSP)9.932864
795 |tL’étude nationale sur les refuges : |b2021|w(CaOODSP)9.884204
85640|qPDF|s524 Ko|uhttps://publications.gc.ca/collections/collection_2024/licc-hicc/T94-59-2024-fra.pdf
8564 |qHTML|sS.O.|uhttps://logement-infrastructure.canada.ca/homelessness-sans-abri/reports-rapports/shelter-study-national-etude-refuge-2005-2021-fra.html